| 000 | 00536nam a2200193 a 4500 | ||
|---|---|---|---|
| 001 | 2673 | ||
| 005 | 20140414131913.0 | ||
| 008 | 040109s19uu xx 00 eng d | ||
| 020 | _a0-7513-5889-4 | ||
| 050 |
_aER _bF44 1999 |
||
| 100 | _aHoffman, Mary | ||
| 245 |
_aA first myths story book / _cMary Hoffman. |
||
| 260 |
_aLondon : _bDorling Kindersley Book, _c1999. |
||
| 300 | _a48 p. ; cm. | ||
| 520 | _aMyths and legends from around the world for the very young. | ||
| 650 | _aMyths. | ||
| 650 | _aLegends. | ||
| 999 |
_c111333 _d111333 |
||